[Event "EUYCC 2025 - U12"]
[Site "?"]
[Date "2025.08.23"]
[Round "5.8"]
[White "Janovicek, Lukas"]
[Black "Cieslar, Nikodem"]
[Result "1/2-1/2"]
[BlackElo "1786"]
[WhiteElo "1835"]
[LiveChessVersion "1.4.8"]

1. e4 {[%clk 1:30:55]} e5 {[%clk 1:30:38]} 2. Nf3 {[%clk 1:31:18]} Nc6
{[%clk 1:31:02]} 3. Bb5 {[%clk 1:31:39]} a6 {[%clk 1:31:12]} 4. Ba4
{[%clk 1:32:02]} Nf6 {[%clk 1:31:21]} 5. O-O {[%clk 1:32:17]} Be7
{[%clk 1:31:23]} 6. Bxc6 {[%clk 1:32:38]} dxc6 {[%clk 1:31:44]} 7. d3
{[%clk 1:32:58]} Bg4 {[%clk 1:31:34]} 8. h3 {[%clk 1:29:27]} Bh5 {[%clk 1:31:14]}
9. Bg5 {[%clk 1:25:05]} Qd7 {[%clk 1:25:27]} 10. Nbd2 {[%clk 1:17:36]} h6
{[%clk 1:23:11]} 11. Bh4 {[%clk 1:08:13]} g5 {[%clk 1:22:09]} 12. Bg3
{[%clk 1:04:04]} Bd6 {[%clk 1:22:05]} 13. Bxe5 {[%clk 0:53:43]} Bxe5
{[%clk 1:21:58]} 14. Nxe5 {[%clk 0:54:05]} Qe6 {[%clk 1:21:56]} 15. Nef3
{[%clk 0:48:58]} Rg8 {[%clk 1:19:59]} 16. e5 {[%clk 0:39:20]} Nd5
{[%clk 1:18:23]} 17. Nd4 {[%clk 0:36:42]} Bxd1 {[%clk 1:13:20]} 18. Nxe6
{[%clk 0:36:46]} Bxc2 {[%clk 1:13:38]} 19. Nc5 {[%clk 0:36:53]} b6
{[%clk 1:11:09]} 20. Rfc1 {[%clk 0:33:52]} bxc5 {[%clk 0:58:13]} 21. Rxc2
{[%clk 0:34:06]} Nf4 {[%clk 0:58:32]} 22. Rxc5 {[%clk 0:33:03]} Nxd3
{[%clk 0:58:36]} 23. Rxc6 {[%clk 0:33:03]} Kd7 {[%clk 0:53:45]} 24. Rxh6
{[%clk 0:27:13]} Nc5 {[%clk 0:40:33]} 25. Rf6 {[%clk 0:20:31]} Ke7
{[%clk 0:38:41]} 26. Rc6 {[%clk 0:19:58]} Ne6 {[%clk 0:39:03]} 27. Ne4
{[%clk 0:19:04]} Rgb8 {[%clk 0:35:18]} 28. Nc5 {[%clk 0:14:11]} Rb6
{[%clk 0:33:54]} 29. Rxb6 {[%clk 0:14:08]} cxb6 {[%clk 0:34:17]} 30. Nxe6
{[%clk 0:13:39]} Kxe6 {[%clk 0:34:32]} 31. Re1 {[%clk 0:13:41]} Rc8
{[%clk 0:34:09]} 32. Re2 {[%clk 0:14:04]} Rc4 {[%clk 0:32:33]} 33. Kh2
{[%clk 0:14:02]} b5 {[%clk 0:32:22]} 34. g4 {[%clk 0:12:52]} a5 {[%clk 0:32:37]}
35. Kg3 {[%clk 0:11:28]} a4 {[%clk 0:32:41]} 36. Kf3 {[%clk 0:10:13]} Rf4+
{[%clk 0:30:40]} 37. Kg3 {[%clk 0:09:54]} Rd4 {[%clk 0:28:48]} 38. Rc2
{[%clk 0:05:04]} b4 {[%clk 0:23:58]} 39. Rc6+ {[%clk 0:02:49]} Kxe5
{[%clk 0:24:11]} 40. Ra6 {[%clk 0:02:40]} a3 {[%clk 0:21:14]} 41. bxa3
{[%clk 0:02:28]} Rd3+ {[%clk 0:21:39]} 42. f3 {[%clk 0:02:18]} bxa3
{[%clk 0:22:04]} 43. Ra4 {[%clk 0:02:01]} f6 {[%clk 0:20:58]} 44. Re4+
{[%clk 0:02:00]} Kd5 {[%clk 0:21:14]} 45. Re2 {[%clk 0:01:07]} Kc4
{[%clk 0:16:02]} 46. Rc2+ {[%clk 0:01:20]} Rc3 {[%clk 0:14:36]} 47. Rd2 1/2-1/2

[Event "EUYCC 2025 - U12"]
[Site "?"]
[Date "2025.08.23"]
[Round "5.9"]
[White "Bogomolnikova, Zlata"]
[Black "Sevcikova, Terezie"]
[Result "1-0"]
[BlackElo "1568"]
[WhiteElo "1798"]
[LiveChessVersion "1.4.8"]

1. d4 {[%clk 1:30:56]} d5 {[%clk 1:30:55]} 2. c4 {[%clk 1:31:21]} e6
{[%clk 1:31:21]} 3. cxd5 {[%clk 1:31:46]} exd5 {[%clk 1:31:45]} 4. Nc3
{[%clk 1:32:08]} Nf6 {[%clk 1:32:00]} 5. Bg5 {[%clk 1:32:31]} Be7
{[%clk 1:32:22]} 6. Qc2 {[%clk 1:32:36]} c6 {[%clk 1:32:42]} 7. e3
{[%clk 1:32:58]} Nbd7 {[%clk 1:33:05]} 8. Bd3 {[%clk 1:33:13]} O-O
{[%clk 1:33:26]} 9. Nge2 {[%clk 1:33:33]} Re8 {[%clk 1:33:46]} 10. O-O
{[%clk 1:32:43]} Nf8 {[%clk 1:34:11]} 11. f3 {[%clk 1:31:28]} g6 {[%clk 1:33:37]}
12. Rae1 {[%clk 1:31:00]} b5 {[%clk 1:32:08]} 13. e4 {[%clk 1:19:40]} dxe4
{[%clk 1:31:38]} 14. fxe4 {[%clk 1:19:55]} Ne6 {[%clk 1:32:01]} 15. Be3
{[%clk 1:17:22]} Ng4 {[%clk 1:31:57]} 16. Qd2 {[%clk 1:15:00]} Qc7
{[%clk 1:28:10]} 17. e5 {[%clk 1:12:08]} Nxe3 {[%clk 1:26:51]} 18. Qxe3
{[%clk 1:12:31]} Bg5 {[%clk 1:24:57]} 19. Qf2 {[%clk 1:11:23]} Ng7
{[%clk 1:18:46]} 20. Ne4 {[%clk 1:10:57]} Bd8 {[%clk 1:09:12]} 21. Nd6
{[%clk 1:04:45]} Rf8 {[%clk 1:06:01]} 22. Nc3 {[%clk 0:59:49]} a5
{[%clk 0:57:25]} 23. Nce4 {[%clk 0:59:12]} Be6 {[%clk 0:56:21]} 24. Qf4
{[%clk 0:54:26]} Qa7 {[%clk 0:52:42]} 25. Nc5 {[%clk 0:40:33]} Bb6
{[%clk 0:52:22]} 26. Nde4 {[%clk 0:40:11]} Nf5 {[%clk 0:47:04]} 27. Nf6+
{[%clk 0:39:50]} Kg7 {[%clk 0:46:50]} 28. Ng4 {[%clk 0:37:34]} h5
{[%clk 0:44:23]} 29. Bxf5 {[%clk 0:36:54]} hxg4 {[%clk 0:42:49]} 30. Bxe6
{[%clk 0:37:03]} Bxc5 {[%clk 0:42:39]} 31. Qf6+ {[%clk 0:37:09]} Kh7
{[%clk 0:42:10]} 32. Bxf7 {[%clk 0:26:23]} Bxd4+ {[%clk 0:42:12]} 33. Kh1
{[%clk 0:26:43]} Rxf7 {[%clk 0:41:42]} 34. Qxf7+ {[%clk 0:27:06]} Qxf7
{[%clk 0:42:08]} 35. Rxf7+ {[%clk 0:27:27]} Kg8 {[%clk 0:42:25]} 36. Rf6
{[%clk 0:27:14]} Kg7 {[%clk 0:42:24]} 37. Rxc6 {[%clk 0:27:14]} Bxb2
{[%clk 0:42:06]} 38. Rc7+ {[%clk 0:27:08]} Kg8 {[%clk 0:41:37]} 39. e6
{[%clk 0:26:39]} Re8 {[%clk 0:41:44]} 40. Rd1 {[%clk 0:18:21]} Bf6
{[%clk 0:41:12]} 41. Rc6 {[%clk 0:18:12]} Kg7 {[%clk 0:40:38]} 42. Rd7+
{[%clk 0:17:57]} Kh6 {[%clk 0:39:03]} 43. Kg1 {[%clk 0:16:28]} g5
{[%clk 0:39:09]} 44. Kf2 {[%clk 0:15:46]} Kg6 {[%clk 0:39:10]} 45. Rd5
{[%clk 0:15:45]} Rb8 {[%clk 0:38:17]} 46. e7 {[%clk 0:15:48]} Re8
{[%clk 0:38:22]} 47. Rdd6 {[%clk 0:16:06]} 1-0

[Event "EUYCC 2025 - U12"]
[Site "?"]
[Date "2025.08.23"]
[Round "5.10"]
[White "Menkov, Ivan"]
[Black "Fei, Emie"]
[Result "1-0"]
[BlackElo "1557"]
[WhiteElo "1657"]
[LiveChessVersion "1.4.8"]

1. e4 {[%clk 1:30:58]} c5 {[%clk 1:30:44]} 2. Nf3 {[%clk 1:31:20]} Nc6
{[%clk 1:30:51]} 3. Bb5 {[%clk 1:31:43]} g6 {[%clk 1:30:52]} 4. O-O
{[%clk 1:32:04]} Nf6 {[%clk 1:30:44]} 5. Re1 {[%clk 1:32:14]} Bg7
{[%clk 1:30:49]} 6. c3 {[%clk 1:32:35]} O-O {[%clk 1:30:49]} 7. d4
{[%clk 1:32:59]} d5 {[%clk 1:30:33]} 8. e5 {[%clk 1:33:08]} Ne4 {[%clk 1:30:28]}
9. Nbd2 {[%clk 1:33:28]} Nxd2 {[%clk 1:28:26]} 10. Bxd2 {[%clk 1:33:49]} cxd4
{[%clk 1:27:26]} 11. cxd4 {[%clk 1:33:58]} Qb6 {[%clk 1:23:18]} 12. Bxc6
{[%clk 1:34:18]} bxc6 {[%clk 1:22:52]} 13. Qc1 {[%clk 1:34:17]} Bg4
{[%clk 1:22:28]} 14. Qc3 {[%clk 1:31:25]} Bxf3 {[%clk 1:21:01]} 15. gxf3
{[%clk 1:31:48]} Rac8 {[%clk 1:18:28]} 16. Rac1 {[%clk 1:31:33]} f6
{[%clk 1:15:41]} 17. f4 {[%clk 1:26:42]} fxe5 {[%clk 1:04:18]} 18. fxe5
{[%clk 1:27:04]} Rf5 {[%clk 1:01:12]} 19. Be3 {[%clk 1:27:21]} Qa6
{[%clk 0:55:51]} 20. Qb3 {[%clk 1:14:35]} Qb6 {[%clk 0:50:54]} 21. Rc3
{[%clk 1:10:46]} Qxb3 {[%clk 0:47:03]} 22. axb3 {[%clk 1:11:10]} c5
{[%clk 0:43:22]} 23. Rec1 {[%clk 1:11:03]} Rb8 {[%clk 0:39:56]} 24. Rxc5
{[%clk 1:08:35]} Rff8 {[%clk 0:33:40]} 25. R1c3 {[%clk 1:08:39]} e6
{[%clk 0:27:11]} 26. Rc7 {[%clk 1:08:18]} Rf7 {[%clk 0:24:49]} 27. Rc8+
{[%clk 1:06:48]} Rf8 {[%clk 0:24:05]} 28. R8c6 {[%clk 1:07:03]} Rbe8
{[%clk 0:20:48]} 29. Ra6 {[%clk 1:06:31]} Rf7 {[%clk 0:19:46]} 30. Rcc6
{[%clk 1:05:51]} Rb7 {[%clk 0:19:17]} 31. Rxe6 {[%clk 1:05:30]} Rxe6
{[%clk 0:19:36]} 32. Rxe6 {[%clk 1:05:46]} Rxb3 {[%clk 0:19:50]} 33. Ra6
{[%clk 1:05:18]} Rxb2 {[%clk 0:19:37]} 34. Rxa7 {[%clk 1:05:40]} Rb5
{[%clk 0:16:45]} 35. Kg2 {[%clk 1:04:03]} Bf8 {[%clk 0:16:05]} 36. Ra8
{[%clk 0:59:41]} Kg7 {[%clk 0:15:56]} 37. Ra7+ {[%clk 0:58:28]} Kg8
{[%clk 0:16:10]} 38. Kf3 {[%clk 0:56:54]} Bg7 {[%clk 0:12:33]} 39. Kg4
{[%clk 0:56:37]} h5+ {[%clk 0:10:55]} 40. Kg5 {[%clk 0:54:56]} Rb6
{[%clk 0:10:35]} 41. Rd7 {[%clk 0:54:59]} Kh7 {[%clk 0:06:59]} 42. Rxd5
{[%clk 0:55:10]} Bh6+ {[%clk 0:06:45]} 43. Kh4 {[%clk 0:55:33]} Bxe3
{[%clk 0:06:54]} 44. fxe3 {[%clk 0:55:56]} Rb3 {[%clk 0:07:06]} 45. e6
{[%clk 0:55:04]} Rxe3 {[%clk 0:06:03]} 46. Re5 {[%clk 0:55:26]} Rxe5
{[%clk 0:06:01]} 47. dxe5 {[%clk 0:55:50]} Kg8 {[%clk 0:06:09]} 48. Kg5
{[%clk 0:56:12]} Kg7 {[%clk 0:05:44]} 49. h4 {[%clk 0:56:35]} Kf8
{[%clk 0:05:28]} 50. Kxg6 {[%clk 0:56:55]} Ke7 {[%clk 0:05:38]} 51. Kxh5
{[%clk 0:57:13]} Kxe6 {[%clk 0:06:05]} 52. Kg6 {[%clk 0:57:36]} Kxe5
{[%clk 0:06:25]} 53. h5 {[%clk 0:57:58]} 1-0

[Event "EUYCC 2025 - U12"]
[Site "?"]
[Date "2025.08.23"]
[Round "5.11"]
[White "Guzdziol, Olaf"]
[Black "Svabova, Klara"]
[Result "1/2-1/2"]
[BlackElo "1653"]
[WhiteElo "1492"]
[LiveChessVersion "1.4.8"]

1. e4 {[%clk 1:30:56]} e5 {[%clk 1:30:52]} 2. Nf3 {[%clk 1:31:14]} Nf6
{[%clk 1:31:17]} 3. d4 {[%clk 1:30:58]} Nxe4 {[%clk 1:31:14]} 4. Nxe5
{[%clk 1:31:20]} d6 {[%clk 1:30:28]} 5. Nf3 {[%clk 1:31:04]} d5 {[%clk 1:30:25]}
6. Bd3 {[%clk 1:30:24]} Bf5 {[%clk 1:29:46]} 7. O-O {[%clk 1:30:41]} Bd6
{[%clk 1:29:40]} 8. Re1 {[%clk 1:29:14]} O-O {[%clk 1:29:37]} 9. c4
{[%clk 1:27:11]} c6 {[%clk 1:26:54]} 10. cxd5 {[%clk 1:27:31]} cxd5
{[%clk 1:26:51]} 11. Qb3 {[%clk 1:27:45]} b6 {[%clk 1:22:54]} 12. Bxe4
{[%clk 1:27:00]} Bxe4 {[%clk 1:20:46]} 13. Bg5 {[%clk 1:27:09]} Qc7
{[%clk 1:15:36]} 14. Nbd2 {[%clk 1:26:13]} Qb7 {[%clk 1:14:12]} 15. Nxe4
{[%clk 1:25:32]} dxe4 {[%clk 1:14:20]} 16. Nd2 {[%clk 1:25:38]} Nc6
{[%clk 1:11:33]} 17. Qd5 {[%clk 1:22:52]} Bb4 {[%clk 1:10:50]} 18. Qxe4
{[%clk 1:22:17]} Rfe8 {[%clk 1:07:22]} 19. Qxe8+ {[%clk 1:21:24]} Rxe8
{[%clk 1:07:46]} 20. Rxe8+ {[%clk 1:21:49]} Bf8 {[%clk 1:08:13]} 21. d5
{[%clk 1:22:01]} f6 {[%clk 1:07:27]} 22. dxc6 {[%clk 1:22:15]} Qxc6
{[%clk 1:07:49]} 23. Rae1 {[%clk 1:17:31]} fxg5 {[%clk 1:08:10]} 24. Rb8
{[%clk 1:16:37]} Kf7 {[%clk 1:07:23]} 25. Nf3 {[%clk 1:16:49]} Bd6
{[%clk 1:03:44]} 26. Rd8 {[%clk 1:15:03]} h6 {[%clk 1:02:07]} 27. Rd1
{[%clk 1:14:34]} Bc7 {[%clk 1:01:13]} 28. R8d7+ {[%clk 1:14:47]} Kg8
{[%clk 1:00:55]} 29. R7d3 {[%clk 1:14:01]} Kh7 {[%clk 0:58:38]} 30. g3
{[%clk 1:13:01]} b5 {[%clk 0:55:09]} 31. Rc3 {[%clk 1:11:40]} Qb6
{[%clk 0:53:34]} 32. Rd5 {[%clk 1:09:29]} Qe6 {[%clk 0:49:53]} 33. Rxb5
{[%clk 1:09:01]} g4 {[%clk 0:49:01]} 34. Ng5+ {[%clk 1:07:37]} hxg5
{[%clk 0:49:10]} 35. Rxc7 {[%clk 1:08:01]} Qe1+ {[%clk 0:49:18]} 36. Kg2
{[%clk 1:08:12]} Qe2 {[%clk 0:48:44]} 37. Rxg5 {[%clk 1:07:20]} Qf3+
{[%clk 0:48:59]} 38. Kg1 {[%clk 1:07:38]} Qd1+ {[%clk 0:49:17]} 39. Kg2
{[%clk 1:08:00]} Qf3+ {[%clk 0:49:40]} 40. Kg1 {[%clk 1:08:19]} Qd1+
{[%clk 0:49:44]} 1/2-1/2

[Event "EUYCC 2025 - U12"]
[Site "?"]
[Date "2025.08.23"]
[Round "5.12"]
[White "Gawerska, Karolina"]
[Black "Galia, Simon"]
[Result "1-0"]
[BlackElo "1478"]
[WhiteElo "1583"]
[LiveChessVersion "1.4.8"]

1. d4 {[%clk 1:30:58]} d5 {[%clk 1:30:44]} 2. Nf3 {[%clk 1:31:18]} Bf5
{[%clk 1:30:43]} 3. c4 {[%clk 1:29:50]} e6 {[%clk 1:30:27]} 4. Nc3
{[%clk 1:29:06]} Nf6 {[%clk 1:30:18]} 5. Nh4 {[%clk 0:53:36]} Bg6
{[%clk 1:29:44]} 6. Nxg6 {[%clk 0:53:54]} hxg6 {[%clk 1:29:56]} 7. g3
{[%clk 0:53:46]} Be7 {[%clk 1:29:20]} 8. Bg2 {[%clk 0:53:51]} Nbd7
{[%clk 1:28:47]} 9. Qc2 {[%clk 0:51:16]} Nf8 {[%clk 1:25:52]} 10. O-O
{[%clk 0:50:01]} Ng4 {[%clk 1:24:43]} 11. h3 {[%clk 0:50:05]} Nf6
{[%clk 1:23:45]} 12. e3 {[%clk 0:43:27]} g5 {[%clk 1:22:00]} 13. Qe2
{[%clk 0:33:07]} Qd7 {[%clk 1:17:20]} 14. Rd1 {[%clk 0:21:24]} Ng6
{[%clk 1:15:49]} 15. e4 {[%clk 0:10:30]} dxe4 {[%clk 1:14:39]} 16. Bxg5
{[%clk 0:08:31]} O-O-O {[%clk 1:13:41]} 17. Bxf6 {[%clk 0:07:25]} Bxf6
{[%clk 1:13:45]} 18. Qxe4 {[%clk 0:07:42]} c6 {[%clk 1:12:32]} 19. Na4
{[%clk 0:06:21]} Be7 {[%clk 1:07:34]} 20. d5 {[%clk 0:05:21]} exd5
{[%clk 1:06:14]} 21. cxd5 {[%clk 0:05:39]} cxd5 {[%clk 1:06:32]} 22. Qc2+
{[%clk 0:05:46]} Kb8 {[%clk 1:05:00]} 23. Rxd5 {[%clk 0:05:34]} Qe6
{[%clk 1:02:41]} 24. Rc1 {[%clk 0:02:53]} Rc8 {[%clk 1:01:27]} 25. Nc5
{[%clk 0:00:59]} Bxc5 {[%clk 0:51:54]} 26. Rxc5 {[%clk 0:01:20]} b6
{[%clk 0:50:54]} 27. Rxc8+ {[%clk 0:01:03]} Rxc8 {[%clk 0:51:07]} 28. Qxc8+
{[%clk 0:01:19]} Qxc8 {[%clk 0:51:34]} 29. Rxc8+ {[%clk 0:01:41]} Kxc8
{[%clk 0:51:59]} 30. Kf1 {[%clk 0:02:04]} Kd7 {[%clk 0:52:15]} 31. Ke2
{[%clk 0:02:25]} Kd6 {[%clk 0:52:33]} 32. f4 {[%clk 0:02:37]} Ne7
{[%clk 0:52:35]} 33. Kd3 {[%clk 0:03:00]} f6 {[%clk 0:52:21]} 34. g4
{[%clk 0:03:03]} f5 {[%clk 0:51:53]} 35. gxf5 {[%clk 0:03:01]} Nxf5
{[%clk 0:52:10]} 36. Be4 {[%clk 0:03:17]} Ng3 {[%clk 0:52:17]} 37. Bg6
{[%clk 0:03:29]} Ke6 {[%clk 0:51:51]} 38. h4 {[%clk 0:03:35]} Nf5
{[%clk 0:51:34]} 39. h5 {[%clk 0:03:41]} Nh4 {[%clk 0:51:31]} 40. Ke4
{[%clk 0:03:55]} Nxg6 {[%clk 0:50:32]} 41. hxg6 {[%clk 0:04:18]} Kf6
{[%clk 0:50:36]} 42. f5 {[%clk 0:04:27]} Kg5 {[%clk 0:50:43]} 43. Ke5
{[%clk 0:04:45]} 1-0

[Event "EUYCC 2025 - U12"]
[Site "?"]
[Date "2025.08.23"]
[Round "5.13"]
[White "Hroch, Pavel"]
[Black "Reren, Alexis Miriam"]
[Result "1-0"]
[BlackElo "1576"]
[WhiteElo "1457"]
[LiveChessVersion "1.4.8"]

1. e4 {[%clk 1:30:54]} c5 {[%clk 1:30:44]} 2. Nf3 {[%clk 1:31:14]} d6
{[%clk 1:30:55]} 3. d4 {[%clk 1:31:33]} cxd4 {[%clk 1:31:18]} 4. Nxd4
{[%clk 1:31:56]} Nf6 {[%clk 1:31:38]} 5. Nc3 {[%clk 1:32:20]} g6 {[%clk 1:31:48]}
6. Be3 {[%clk 1:32:02]} Bg7 {[%clk 1:32:02]} 7. f3 {[%clk 1:32:16]} O-O
{[%clk 1:32:13]} 8. Bc4 {[%clk 1:32:20]} Nc6 {[%clk 1:32:02]} 9. Bb3
{[%clk 1:32:24]} Bd7 {[%clk 1:31:25]} 10. Qd2 {[%clk 1:32:44]} Na5
{[%clk 1:28:57]} 11. O-O-O {[%clk 1:32:44]} Nxb3+ {[%clk 1:28:47]} 12. Nxb3
{[%clk 1:31:33]} b5 {[%clk 1:26:32]} 13. h4 {[%clk 1:31:49]} a5 {[%clk 1:25:53]}
14. h5 {[%clk 1:29:52]} a4 {[%clk 1:21:18]} 15. Nd4 {[%clk 1:29:59]} b4
{[%clk 1:21:21]} 16. Nce2 {[%clk 1:29:24]} b3 {[%clk 1:19:50]} 17. a3
{[%clk 1:29:38]} bxc2 {[%clk 1:19:43]} 18. Nxc2 {[%clk 1:30:05]} Rb8
{[%clk 1:15:50]} 19. Bd4 {[%clk 1:28:42]} Be6 {[%clk 1:08:46]} 20. g4
{[%clk 1:26:43]} Bb3 {[%clk 1:01:29]} 21. Nc3 {[%clk 1:23:04]} Qd7
{[%clk 0:51:48]} 22. hxg6 {[%clk 1:22:00]} fxg6 {[%clk 0:49:18]} 23. Qh2
{[%clk 1:20:49]} Rf7 {[%clk 0:38:57]} 24. g5 {[%clk 1:19:50]} Nh5
{[%clk 0:37:05]} 25. Ne2 {[%clk 1:15:42]} Rc8 {[%clk 0:32:00]} 26. Rd2
{[%clk 1:15:59]} Qc6 {[%clk 0:28:59]} 27. Bc3 {[%clk 1:12:13]} Bxc2
{[%clk 0:24:44]} 28. Rxc2 {[%clk 1:11:56]} Rxf3 {[%clk 0:24:10]} 29. Nd4
{[%clk 1:10:05]} Bxd4 {[%clk 0:24:14]} 30. Bxd4 {[%clk 1:09:59]} Qxc2+
{[%clk 0:23:49]} 31. Qxc2 {[%clk 1:10:09]} Rxc2+ {[%clk 0:24:12]} 32. Kxc2
{[%clk 1:10:33]} Rg3 {[%clk 0:24:08]} 33. Rg1 {[%clk 1:09:31]} Rf3
{[%clk 0:20:24]} 34. Rb1 {[%clk 1:08:19]} Ng3 {[%clk 0:18:43]} 35. b3
{[%clk 1:07:12]} Nxe4 {[%clk 0:17:45]} 36. b4 {[%clk 1:07:26]} Rf8
{[%clk 0:14:50]} 37. b5 {[%clk 1:07:51]} Rb8 {[%clk 0:14:30]} 38. b6
{[%clk 1:08:17]} Rb7 {[%clk 0:13:52]} 39. Rb5 {[%clk 1:08:21]} Nc5
{[%clk 0:10:44]} 40. Bxc5 {[%clk 1:08:20]} dxc5 {[%clk 0:11:04]} 41. Kc3
{[%clk 1:08:41]} Kf8 {[%clk 0:10:33]} 42. Kc4 {[%clk 1:09:09]} Ke8
{[%clk 0:07:15]} 43. Kxc5 {[%clk 1:09:32]} Kd7 {[%clk 0:07:31]} 44. Ra5
{[%clk 1:09:50]} e6 {[%clk 0:05:09]} 45. Ra7 {[%clk 1:09:51]} Kc8
{[%clk 0:05:02]} 46. Rxa4 {[%clk 1:09:11]} e5 {[%clk 0:04:19]} 47. Kc6
{[%clk 1:08:59]} Kb8 {[%clk 0:04:02]} 48. Rb4 {[%clk 1:09:01]} Re7
{[%clk 0:03:49]} 49. Re4 {[%clk 1:07:54]} Kc8 {[%clk 0:03:48]} 50. a4
{[%clk 1:07:57]} Re6+ {[%clk 0:03:43]} 51. Kc5 {[%clk 1:07:54]} Kb7
{[%clk 0:03:48]} 52. a5 {[%clk 1:07:03]} Re8 {[%clk 0:01:29]} 53. Kb5
{[%clk 1:05:02]} Re6 {[%clk 0:01:02]} 54. a6+ {[%clk 1:03:44]} Kb8
{[%clk 0:01:13]} 55. Rc4 {[%clk 1:02:18]} Re8 {[%clk 0:00:40]} 56. b7
{[%clk 1:01:42]} e4 {[%clk 0:00:33]} 57. Kb6 {[%clk 1:01:32]} Re6+
{[%clk 0:00:38]} 58. Rc6 {[%clk 1:01:11]} Rxc6+ {[%clk 0:00:54]} 59. Kxc6
{[%clk 1:01:37]} e3 {[%clk 0:01:10]} 60. a7+ {[%clk 1:01:53]} 1-0

[Event "EUYCC 2025 - U12"]
[Site "?"]
[Date "2025.08.23"]
[Round "5.14"]
[White "Krastinsh, Daniels"]
[Black "Cibickova, Diana"]
[Result "0-1"]
[BlackElo "1502"]
[WhiteElo "1560"]
[LiveChessVersion "1.4.8"]

1. e4 {[%clk 1:30:09]} e5 {[%clk 1:30:58]} 2. Nf3 {[%clk 1:30:05]} Nc6
{[%clk 1:31:21]} 3. Bc4 {[%clk 1:29:52]} Bc5 {[%clk 1:31:37]} 4. c3
{[%clk 1:29:30]} Nf6 {[%clk 1:31:29]} 5. d4 {[%clk 1:29:19]} exd4
{[%clk 1:31:38]} 6. e5 {[%clk 1:29:15]} d5 {[%clk 1:31:37]} 7. Bb5
{[%clk 1:29:26]} Ne4 {[%clk 1:31:04]} 8. cxd4 {[%clk 1:29:29]} Bb6
{[%clk 1:30:26]} 9. O-O {[%clk 1:29:05]} O-O {[%clk 1:28:04]} 10. h3
{[%clk 1:28:10]} Be6 {[%clk 1:23:25]} 11. Bxc6 {[%clk 1:24:00]} bxc6
{[%clk 1:23:28]} 12. Be3 {[%clk 1:19:31]} Rb8 {[%clk 1:21:48]} 13. Qc2
{[%clk 1:15:59]} Bd7 {[%clk 1:20:01]} 14. Nbd2 {[%clk 1:13:36]} Nxd2
{[%clk 1:19:26]} 15. Bxd2 {[%clk 1:12:29]} h6 {[%clk 1:17:13]} 16. Rfe1
{[%clk 1:07:14]} Re8 {[%clk 1:14:42]} 17. Bc3 {[%clk 1:00:45]} c5
{[%clk 0:57:06]} 18. Rac1 {[%clk 0:46:36]} c6 {[%clk 0:52:31]} 19. dxc5
{[%clk 0:36:02]} Bxc5 {[%clk 0:51:52]} 20. a3 {[%clk 0:35:46]} Bb6
{[%clk 0:49:24]} 21. b4 {[%clk 0:32:32]} Qc7 {[%clk 0:44:49]} 22. Qd3
{[%clk 0:27:39]} Qb7 {[%clk 0:39:54]} 23. Nd2 {[%clk 0:21:23]} a6
{[%clk 0:34:32]} 24. Nb3 {[%clk 0:16:41]} Ra8 {[%clk 0:31:59]} 25. Rb1
{[%clk 0:14:21]} Qc8 {[%clk 0:31:32]} 26. Nc5 {[%clk 0:12:28]} Bxc5
{[%clk 0:31:39]} 27. bxc5 {[%clk 0:12:36]} Bf5 {[%clk 0:31:56]} 28. Qg3
{[%clk 0:12:29]} Bxb1 {[%clk 0:31:26]} 29. Rxb1 {[%clk 0:12:11]} Qe6
{[%clk 0:31:32]} 30. f4 {[%clk 0:09:35]} Red8 {[%clk 0:24:49]} 31. Qf2
{[%clk 0:09:12]} Rab8 {[%clk 0:22:53]} 32. Rxb8 {[%clk 0:07:53]} Rxb8
{[%clk 0:23:17]} 33. Qe2 {[%clk 0:06:24]} Qc8 {[%clk 0:22:24]} 34. Qd2
{[%clk 0:05:30]} Qf5 {[%clk 0:19:53]} 35. Qd4 {[%clk 0:04:36]} Qe4
{[%clk 0:18:33]} 36. Qxe4 {[%clk 0:04:44]} dxe4 {[%clk 0:18:58]} 37. Kf2
{[%clk 0:04:45]} Rb3 {[%clk 0:18:53]} 38. Bb4 {[%clk 0:04:42]} Kf8
{[%clk 0:17:51]} 39. Ke2 {[%clk 0:04:32]} Ke7 {[%clk 0:17:23]} 40. Kd2
{[%clk 0:04:25]} Rg3 {[%clk 0:16:36]} 41. Ke2 {[%clk 0:04:37]} Rxg2+
{[%clk 0:16:14]} 42. Ke3 {[%clk 0:05:00]} Rg3+ {[%clk 0:16:18]} 43. Kxe4
{[%clk 0:05:22]} Rxh3 {[%clk 0:16:18]} 44. Kd4 {[%clk 0:05:37]} Ke6 45. Kc4 Rh4
{[%clk 0:15:05]} 46. Kb3 {[%clk 0:05:52]} Kd7 {[%clk 0:14:06]} 47. f5
{[%clk 0:05:45]} Kc7 {[%clk 0:12:38]} 48. Ba5+ {[%clk 0:05:10]} Kb7
{[%clk 0:12:14]} 49. Bc3 {[%clk 0:05:06]} Rf4 {[%clk 0:11:49]} 50. e6
{[%clk 0:05:17]} fxe6 {[%clk 0:11:14]} 51. fxe6 {[%clk 0:05:45]} Re4
{[%clk 0:11:12]} 52. Bxg7 {[%clk 0:06:05]} Rxe6 {[%clk 0:11:40]} 53. a4
{[%clk 0:04:58]} h5 {[%clk 0:10:18]} 54. a5 {[%clk 0:05:10]} h4 {[%clk 0:10:18]}
55. Bd4 {[%clk 0:05:23]} h3 {[%clk 0:10:22]} 56. Bg1 {[%clk 0:05:40]} Re1
{[%clk 0:10:37]} 57. Bh2 {[%clk 0:05:57]} Re2 {[%clk 0:10:29]} 58. Bg1
{[%clk 0:06:15]} h2 {[%clk 0:10:39]} 0-1

[Event "EUYCC 2025 - U12"]
[Site "?"]
[Date "2025.08.23"]
[Round "5.15"]
[White "Slusarczyk, Agnieszka"]
[Black "Tanase, Andreea"]
[Result "1-0"]
[BlackElo "1516"]
[WhiteElo "1702"]
[LiveChessVersion "1.4.8"]

1. d4 {[%clk 1:30:58]} f5 {[%clk 1:30:57]} 2. c4 {[%clk 1:30:58]} d6
{[%clk 1:31:07]} 3. Nc3 {[%clk 1:30:41]} Nf6 {[%clk 1:31:26]} 4. Bg5
{[%clk 1:27:08]} Nbd7 {[%clk 1:31:54]} 5. Qc2 {[%clk 1:26:59]} g6
{[%clk 1:32:03]} 6. O-O-O {[%clk 1:25:56]} Bg7 {[%clk 1:31:47]} 7. e3
{[%clk 1:25:52]} c6 {[%clk 1:29:19]} 8. Bd3 {[%clk 1:25:37]} a6 {[%clk 1:25:30]}
9. Nge2 {[%clk 1:23:16]} b5 {[%clk 1:20:22]} 10. Nf4 {[%clk 1:21:11]} Nf8
{[%clk 1:11:20]} 11. h4 {[%clk 1:19:19]} Ng4 {[%clk 1:08:41]} 12. Nh3
{[%clk 1:08:48]} Qc7 {[%clk 1:02:22]} 13. f3 {[%clk 1:08:10]} Nf6
{[%clk 1:01:56]} 14. Bxf6 {[%clk 1:01:54]} Bxf6 {[%clk 0:58:53]} 15. cxb5
{[%clk 1:01:33]} axb5 {[%clk 0:58:17]} 16. Nxb5 {[%clk 1:01:16]} Qb7
{[%clk 0:55:32]} 17. Nc3 {[%clk 1:00:15]} Bxh4 {[%clk 0:53:35]} 18. Nf4
{[%clk 0:57:05]} Bf6 {[%clk 0:49:03]} 19. Be2 {[%clk 0:50:58]} Ne6
{[%clk 0:43:33]} 20. Nd3 {[%clk 0:47:09]} Bd7 {[%clk 0:41:55]} 21. Nf2
{[%clk 0:45:36]} c5 {[%clk 0:35:41]} 22. d5 {[%clk 0:42:05]} Nc7 {[%clk 0:35:45]}
23. g4 {[%clk 0:40:17]} Rb8 {[%clk 0:28:00]} 24. e4 {[%clk 0:37:47]} Bd4
{[%clk 0:25:16]} 25. Nd3 {[%clk 0:35:03]} Nb5 {[%clk 0:22:21]} 26. Nxb5
{[%clk 0:30:24]} Bxb5 {[%clk 0:22:17]} 27. b3 {[%clk 0:29:31]} Be3+
{[%clk 0:21:38]} 28. Kb1 {[%clk 0:29:53]} c4 {[%clk 0:19:44]} 29. Nb2
{[%clk 0:26:19]} cxb3 {[%clk 0:19:25]} 30. Bxb5+ {[%clk 0:26:16]} Qxb5
{[%clk 0:19:36]} 31. Qc3 {[%clk 0:25:42]} Kf7 {[%clk 0:18:13]} 32. a4
{[%clk 0:24:42]} Qb6 {[%clk 0:17:21]} 33. exf5 {[%clk 0:23:28]} gxf5
{[%clk 0:16:47]} 34. gxf5 {[%clk 0:23:12]} Bf4 {[%clk 0:16:07]} 35. Nc4
{[%clk 0:18:58]} Qf2 {[%clk 0:12:56]} 36. Qb2 {[%clk 0:17:00]} Qxf3
{[%clk 0:11:34]} 37. Rde1 {[%clk 0:12:28]} Qd3+ {[%clk 0:11:24]} 38. Ka1
{[%clk 0:12:23]} Qxc4 {[%clk 0:11:33]} 39. Rxe7+ {[%clk 0:11:59]} Kxe7
{[%clk 0:09:20]} 40. Qg7+ {[%clk 0:12:23]} Kd8 {[%clk 0:09:13]} 41. Qxh8+
{[%clk 0:12:49]} Kc7 {[%clk 0:09:35]} 42. Rxh7+ {[%clk 0:13:06]} Kb6
{[%clk 0:09:53]} 43. Qxb8+ {[%clk 0:13:32]} Kc5 {[%clk 0:09:52]} 44. Rc7+
{[%clk 0:13:45]} 1-0